| 000 | 01309 a2200265 4500 | ||
|---|---|---|---|
| 003 | Nust | ||
| 005 | 20221229175316.0 | ||
| 010 | _a 2002020034 | ||
| 020 | _a0195116445 | ||
| 040 | _cNust | ||
| 082 | 0 | 0 | _a621.38152,ALL |
| 100 | 1 |
_aAllen, P. E. _997159 |
|
| 245 | 1 | 0 |
_aCMOS analog circuit design / _cPhillip E. Allen, Douglas R. Holberg. |
| 250 | _a2nd ed. | ||
| 260 |
_aNew York : _bOxford University Press, _c2002. |
||
| 300 |
_axvi, 784 p. : _bill. ; _c25 cm. |
||
| 440 | 4 |
_aThe Oxford series in electrical and computer engineering _997944 |
|
| 505 | _aIntroduction and Background (Page-1), CMOS Technology (Page-18), CMOS Device Modeling (Page-72), Analog CMOS Sub circuits (Page-113), CMOS Amplifiers (Page-167), CMOS Operation Amplifier (Page-243), High Performance CMOS of Amps (Page-351), Comparators (Page-439), Switched Capacitor Circuits (Page-492), Digital Analog and Analog Digital Converters (Page-612). | ||
| 650 | 0 |
_aLinear integrated circuits. _955531 |
|
| 650 | 0 |
_aMetal oxide semiconductors, Complementary. _915118 |
|
| 700 | 1 |
_aHolberg, Douglas R. _999204 |
|
| 856 | 4 | 2 |
_3Publisher description _uhttp://www.loc.gov/catdir/enhancements/fy0612/2002020034-d.html |
| 856 | 4 | 2 |
_3Table of contents only _uhttp://www.loc.gov/catdir/enhancements/fy0612/2002020034-t.html |
| 942 |
_2ddc _cBK |
||
| 999 |
_c175564 _d175564 |
||